000 00694nam a2200289Ia 4500
005 20260324143909.0
008 008 260324s9999 xx 000 0 eng d
020 _a9780203835487
037 _aEBOOK
040 _aCRL
040 _beng
040 _cCRL
041 _2eng
041 _aeng
084 _qCRL
100 _aJohn Sender; Sheila Smith
_91217338
245 0 _aPoverty, Class and Gender in Rural Africa
245 2 _bA Tanzanian Case Study
260 _bTaylor and Francis
260 _c1990
365 _a
365 _b230
856 _uhttp://www.taylorfrancis.com/books/9780203835487
942 _cEBOOK
999 _c1823275
_d1823275